Posibilidades y limitaciones ideológicas de alianzas políticas entre los socialistas democráticos de los países de América Latina con otras agrupaciones políticas

Na minha lista:
Detalhes bibliográficos
Autor principal: Fuentes Mohr, ALberto
Formato: Texto
Publicado em: Heredia: CEDAL
Tags: Adicionar Tag
Sem tags, seja o primeiro a adicionar uma tag!

MARC

LEADER 00000 a a2200000 04500
001 15601
003
040
090 |a 006600  
100 |a Fuentes Mohr, ALberto  
245 |a Posibilidades y limitaciones ideológicas de alianzas políticas entre los socialistas democráticos de los países de América Latina con otras agrupaciones políticas  
260 |a Heredia:   |b CEDAL  
300 |a 17 p  
999 |c 10205  |d 10205